A:lla alkavat valtiot kartalla - Äkkikuolema - Statistics

Yleistilastot
  • Tätä visaa on pelattu 2 149 kertaa
  • Keskiarvotulos 10 / 13
Answers on the Grid
Answers color-coded by a green-red scale on the quiz's grid according to % correct below.
 
Vastaustilastot
Vastaus % Oikein
Albania, Algeria, Andorra
93%
Afganistan, Armenia, Azerbaidžan
85%
Australia
85%
Australia
82%
Australia
78%
Argentiina
76%
Argentiina
76%
Australia
76%
Angola
73%
Algeria
68%
Antigua ja Barbuda, Alankomaat (Aruba, Curaçao, Sint Maarten, Bonaire, Saba, Sint Eustatius)
66%
Alankomaat
63%
Afganistan
46%
Ehtoja vastaavia visoja ei löytynyt
Tulosjakauma
Jokaisen tuloksen saaneiden osuus
Persentiili vastausten määrän mukaan
Tuloshistoriasi
Et ole pelannut tätä visaa